Péče o malé dítě : populárně naučná příručka pro mládež všeobec. vzdělávacích škol /

Hlavní autor: Mečíř, Miloslav, 1921-
Jazyk: Čeština
Vydáno: Praha : Státní pedagogické nakladatelství 1972
Vydání: 2. nezm. vyd.
Edice: Knižnice všeobecného vzdělání mládeže
Témata:
Fyzický popis: 186, [2] s. ; 8°
Knihy
Uloženo v:
LEADER 01153nam a22002652a 4500
001 000757592
003 CZ BrMZK
005 20121008085012.0
007 ta
008 041230s1972 xr er|||||||||||cze d
015 |a cnb000438121 
035 |a (OCoLC)42186600 
040 |a BOA001  |b cze 
100 1 |a Mečíř, Miloslav,  |d 1921-  |7 jk01081016  |4 aut 
245 1 0 |a Péče o malé dítě :  |b populárně naučná příručka pro mládež všeobec. vzdělávacích škol /  |c Miloslav Mečíř ; obr.: Otakar Procházka ; fot.: Čeněk Melich a Pavel Paul 
250 |a 2. nezm. vyd. 
260 |a Praha :  |b Státní pedagogické nakladatelství  |c 1972 
300 |a 186, [2] s. ;  |c 8° 
490 1 |a Knižnice všeobecného vzdělání mládeže 
830 0 |a Knižnice všeobecného vzdělání mládeže  |0 s 
910 |a BOA001  |b PK-A-0013.416-72  |b 1-0646.960-72 
964 |a Děti - péče - učebnice - školy základní devítileté 
990 |a BK 
996 7 |b 2619491040  |c 1-0646.960-72  |l MZK  |r Sklad / do 1 hodiny  |n 0  |w 000757592  |u 000020  |a 1  |e BOA001  |j MZK50  |s A 
996 6 |b BC-183431  |c PK-A-0013.416-72  |l MZK  |r Sklad / do 1 hodiny  |n 0  |w 000757592  |u 000010  |a 1  |e BOA001  |j MZK50  |s P